|
|
|
|
| LEADER |
00000nab a2200000 a 4500 |
| 001 |
vtls001512147 |
| 003 |
SK-MaSNL |
| 005 |
20260303094550.0 |
| 008 |
050227s2002 xo 000 0 slo |
| 035 |
|
|
|a SPKCL14474
|
| 040 |
|
|
|a SPKCL
|b slo
|c SNKBUCL
|d SPK(DB)
|e AACR2
|
| 041 |
|
|
|a slo
|
| 044 |
|
|
|a xo
|c SK
|
| 080 |
|
|
|a 178.8:7.092
|2 1981
|
| 100 |
1 |
|
|a Hupková, Ingrid
|4 aut
|9 12131
|
| 245 |
1 |
0 |
|a Preventívny projekt Prečo som na svete rád/rada
|c Ingrid Hupková
|
| 520 |
|
|
|a Realizácia projektu v dvoch rovinách - výtvarná súťaž, celoštátna výstava. Hlavný organizátor a garant súťaže. Zahraničná prezentácia prác. Zahraničná spolupráca a participácia na projekte. Charakteristiky projektu. Jeho ciele.
|
| 773 |
1 |
|
|t Národná osveta. Kultúra a primárna prevencia drogových závislostí
|g Roč. 12, č. 12 (2002) s. 19-20
|
| 850 |
|
|
|a Slovenská pedagogická knižnica Bratislava
|
| 852 |
|
|
|a SPKCL
|b KIS3GCP
|b 000710000
|n SK
|
| 999 |
|
|
|c 1821313
|d 1823243
|